LEADER 01488nam a2200277 4500 001 000000347500 003 CaOOAMICUS 005 20210830104414.0 008 210830s2010 it 000 u fre r 040 $aSeMil$bita 100 1 $aBabelet, Blaise-Servais.$0(OLS)http://semarc/name/66588 245 12$aL'initiation chez les Gbaya Kara. Consolider l'appartenance et donner une forte identite chretienne /$cBlaise Servais Babelet. 264 1$aPadova :$bIstituto di Liturgia Pastorale, Abbazia di S. Giustina,$c2010. 300 $a176, [9] p., 1 c. geogr. :$bill. ;$c24 cm 490 1 $aTesi di Laurea = Dissertatio ad Lauream ;$v51 500 $aIn cop.: Pubblicazione integrale per il conseguimento del Dottorato in Teologia con specializzazione liturgico-pastorale 541 0 $aOmaggio card. Angelo Scola 710 0 $aIstituto di Liturgia Pastorale di Santa Giustina .$0(OLS)http://semarc/name/31535 830 0$aTesi di Laurea = Dissertatio ad Lauream ;$v51.$0(OLS)http://semarc/title/253519 850 $aSeMil 852 $aSeMil$W1$xVenegono$y1$m2I V 576$j228221$B238573$CSeMilBibl$Z2$F238573 $81 941 1 $a6 961 $aOmaggio card. Angelo Scola 996 $6245$aL'initiation chez les Gbaya Kara. Consolider l'appartenance et donner une forte identite chretienne$9(OLS)http://semarc/title/436792 996 $6264$aPadova :$bIstituto di Liturgia Pastorale, Abbazia di S. Giustina$9(OLS)http://semarc/publisher/35325 LEADER 01064nam a2200241 i 4500 001 000000074342 003 CaOOAMICUS 005 20070424000000.0 008 070424s1929 it u000 u ita u 013 $a45514 040 $aSeMil$bita 100 1 $aSalvioli, Giuseppe.$0(OLS)http://semarc/name/26104 245 13$aIl capitalismo antico (Storia dell'economia romana) /$cGiuseppe Salvioli ; A cura e con prefazione di Giuseppe Brindisi. 260 $aBari :$bLaterza & Figli,$c1929. 300 $aXII, 202 p. ;$c21 cm. 490 0 $aBiblioteca di cultura moderna 650 4$aRoma antica - Economia.$0(OLS)http://semarc/subject/15178 700 1 $aBrindisi, Giuseppe.$0(OLS)http://semarc/name/36834 830 0$aBiblioteca di cultura moderna.$0(OLS)http://semarc/title/639 850 $aSeMil 852 $aSeMil$W1$xVenegono$y1$m1C III 19$j40494$B40494$CSeMilBibl$Z2$F40498 $81 996 $6245$aIl capitalismo antico (Storia dell'economia romana)$9(OLS)http://semarc/title/120600 996 $6260$aBari :$bLaterza & Figli$9(OLS)http://semarc/publisher/29663